000 02073nam a22003615a 4500
001 7nhxmwqf52w8z1z1
003 LIBRIS
005 20241218104155.0
007 cr ||| |||||
008 220324uuuuuuuuuxx |||||o|||||000 0|und|d
020 _a9781719641777
020 _z9780803669772 (Print)
040 _aSEK
_ea
_c
041 _aund
100 1 _aTaylor, Renee.
245 1 0 _aThe Intentional Relationship : Occupational Therapy and Use of Self
264 1 _cuuuu-uuuu
776 0 8 _iPrint
_tThe Intentional Relationship : Occupational Therapy and Use of Self.
_z9780803669772
856 4 0 _uhttps://ki.primo.exlibrisgroup.com/openurl/46KIB_INST/46KIB_INST:46KIB_VU1?u.ignore_date_coverage=true&rft.mms_id=99380762502336
_zOnline access for KIB
_zfulltext
_zEbook Central Perpetual, DDA and Subscription Titles
856 4 0 _uhttp://sfxeu11.hosted.exlibrisgroup.com/sfxgub?url_ver=Z39.88-2004&ctx_ver=Z39.88-2004&ctx_enc=info:ofi/enc:UTF-8&rfr_id=info:sid/sfxit.com:opac_856&url_ctx_fmt=info:ofi/fmt:kev:mtx:ctx&sfx.ignore_date_threshold=1&rft.object_id=4100000011210233&svc_val_fmt=info:ofi/fmt:kev:mtx:sch_svc&
_zTillgänglig för Göteborgs universitet / Online access for the University of Gothenburg
_zEbook Central:Full Text
856 4 0 _uhttps://search.ub.umu.se/openurl/46UMEA_INST/46UMEA_INST:UmUB?u.ignore_date_coverage=true&rft.mms_id=9922040751004996
_zOnline access for UMUB
_zfulltext
_zEbook Central (UmU)
887 _a{"@id":"7nhxmwqf52w8z1z1","modified":"2022-03-24T09:34:09.574+01:00"}
_2librisxl
887 _a{"@id":"n7spsltmlfds4qvk","modified":"2024-11-21T10:36:06.369+01:00"}
_2librisxl
887 _a{"@id":"dt1rf8hrbvxxxkkv","modified":"2022-06-22T08:08:10.919+02:00"}
_2librisxl
887 _a{"@id":"n5q50bs9lfkjts0d","modified":"2024-03-18T12:31:56.642+01:00"}
_2librisxl
942 _2z
_cBOOK
999 _c59718
_d59718